| 000 | 00312 a2200133 4500 | ||
|---|---|---|---|
| 999 |
_c324307 _d324307 |
||
| 001 | 89234 | ||
| 003 | NUST | ||
| 082 | _a891.4391 SHA | ||
| 100 |
_aShafeeq Ur Rehman _99652 |
||
| 245 | _aKirnain | ||
| 260 |
_aLahore _bSang-e-meel Publications _c2008 |
||
| 300 | _a144p. | ||
| 500 | _aGeneral Books | ||
| 942 |
_aCAE NUST _cBK _k891.4391 SHA _2ddc |
||